Quelle entités fait ... (Content update)Roblox Doors - Statistiques

Statistiques générales
  • Ce quiz a été pris 58 fois
  • Le résultat moyen est 5 sur 8
Statistiques - réponses
Question Réponse % Correct
C'est un bosse. Dam seek
83%
Il apparait que dans SUPER HARD MODE!!! Jeff the killer
83%
Quelle entités inflige le plus de dégat de se qui sont proposé. A-120
79%
ils apparait que dans les mines. Giggle
75%
Quelle entités inflige le moins de dégat de se qui sont proposé. Timothy
67%
Quelle entités apparait que dans les Rooms. A-60
54%
Il apparait que dans the backdoor. Lookman
54%
C'est le l'entités la plus rare de se qui sont proposé. Sally
38%
Aucun quiz correspondant
Distribution des résultats
% des personnes avec chaque résultat
Percentile par nombre de réponses
Votre historique - résultats
Vous n’avez pas pris ce quiz